• 首页
  • 本馆介绍
  • 公告通知
  • 最新文献
  • 馆藏检索
  • 电子资源
  • 读者导购
  • 参考咨询
  • 我的图书馆
  • 登录
  • 详细信息显示
  • 放入我的书架
  • 预约/预借图书
  • 作者相关作品
  • 分类相关作品
  • 丛书相关作品
  • 出版社相关作品

书目信息

  • 表格格式
  • 工作单格式
  • 卡片格式
题名:
红外技术基础
    
 
作者: 克罗塞 著 ;洪怀瑞 译
分册:  
出版信息: 上海   上海科学技术出版社  1965
页数: 446页
开本: 20cm
丛书名:
单 册:
中图分类: TN211
科图分类:
主题词: 红外技术 , 红外系统
电子资源:
ISBN:
000 00785nam0 2200241 450
001 0753968372
005 20070930150326.10
010    @dCNY2.10
100    @a20070930d1965 km y0chiy0120 ea
101 0  @achi@ceng
102    @aCN@b310000
102    @aCN@b310000
200 1  @a红外技术基础@Ahong wai ji shu ji chu@e红外辐射的产生、透射和探测@f(美)P.W.克罗塞等著@F(mei)P.W.ke luo sai deng zhu@g洪怀瑞译@Ghong huai rui yi
210    @a上海@c上海科学技术出版社@d1965
215    @a446页@d20cm
517 1  @a红外辐射的产生、透射和探测@Ahong wai fu she de chan sheng、tou she he tan ce
606 0  @a红外技术
606 0  @a红外系统
690    @aTN211@v3
701  0 @a克罗塞@Ake luo sai@4著
702  0 @a洪怀瑞@Ahong huai rui@4译
801  0 @aCN@bPFT@c20070930
905    @a10447@dTN211@e80
    
    红外技术基础:红外辐射的产生、透射和探测/(美)P.W.克罗塞等著/洪怀瑞译.-上海:上海科学技术出版社,1965
    446页;20cm
    
    
    ISBN :CNY2.10
    
●
相关链接 在E读中查询图书 在五车中查询图书 在当当中查询图书 在豆瓣中查询图书


正题名:红外技术基础     索取号:TN211/80         预约/预借

序号 登录号 条形码 馆藏地/架位号 状态 备注
1 626260   206262603   密集书库/ [索取号:TN211/80] 在馆    
唐山师范学院图书馆 欢迎您!
大连网信软件有限公司© 版权所有